| 000 | 00376nam a2200145Ia 4500 | ||
|---|---|---|---|
| 999 |
_c10434 _d10434 |
||
| 003 | OSt | ||
| 005 | 20220322161131.0 | ||
| 008 | 220318s9999 xx 000 0 und d | ||
| 020 | _a9781859468968 | ||
| 082 | _a307.14 | ||
| 100 | _a Reed, Ruth (Architect) | ||
| 245 | 0 | _aBuilding in Arcadia : the case for well-designed rural development | |
| 260 |
_bRiba _c2019 |
||
| 942 | _2ddc | ||